000 00469nam a2200169Ia 4500
008 221030s9999 xx 000 0 und d
020 _a8125906827
041 _aEnglish
082 _a105.23
_bLeo
100 _aA. Leon
245 0 _aFundamentals of Computer Science & Communication Engineering ( DEPARTMENTAL )
_cby A. Leon, M. Leon
260 _bVikas Pub House
_aNew Delhi
_c1998
300 _a333
650 _aCSE Departmental
700 _aM. Leon
942 _cBK
999 _c6676
_d6676